Neuroendocrine Tumours Diagnosis and Management /

This book is a timely textbook that covers all aspects of neuroendocrine tumors (NET) from epidemiology, pathological classification and evaluation, and molecular biology through to diagnostic imaging methods and therapeutic options, including the latest targeted therapies. The various types of NET...

Full description

Bibliographic Details
Corporate Author: SpringerLink (Online service)
Other Authors: Yalcin, Suayib (Editor), Öberg, Kjell (Editor)
Format: Electronic eBook
Language:English
Published: Berlin, Heidelberg : Springer Berlin Heidelberg : Imprint: Springer, 2015.
Subjects:
Online Access:Full Text via HEAL-Link
LEADER 03157nam a22004935i 4500
001 978-3-662-45215-8
003 DE-He213
005 20150528021516.0
007 cr nn 008mamaa
008 150527s2015 gw | s |||| 0|eng d
020 |a 9783662452158  |9 978-3-662-45215-8 
024 7 |a 10.1007/978-3-662-45215-8  |2 doi 
040 |d GrThAP 
050 4 |a RC254-282 
072 7 |a MJCL  |2 bicssc 
072 7 |a MED062000  |2 bisacsh 
082 0 4 |a 616.994  |2 23 
245 1 0 |a Neuroendocrine Tumours  |h [electronic resource] :  |b Diagnosis and Management /  |c edited by Suayib Yalcin, Kjell Öberg. 
264 1 |a Berlin, Heidelberg :  |b Springer Berlin Heidelberg :  |b Imprint: Springer,  |c 2015. 
300 |a VII, 578 p. 83 illus., 44 illus. in color.  |b online resource. 
336 |a text  |b txt  |2 rdacontent 
337 |a computer  |b c  |2 rdamedia 
338 |a online resource  |b cr  |2 rdacarrier 
347 |a text file  |b PDF  |2 rda 
505 0 |a Introduction -- Historical Background -- Epidemiology -- Pathological Classification -- Carcinoid Syndrome -- Molecular Biology -- İnsulinoma -- Gastrinoma -- Vipoma -- Glucagonoma -- Pathological Evaluation -- Radiological Imaging -- Nuclear Imaging -- Genetic  Syndromes Associated with NET -- Surgical Approach -- Locoregional treatment (RFA) -- Embolization (Chemo/radio) -- PRRT -- Management of Hormonal symptoms -- Chemotherapy -- Somatostatin Analogues -- Targeted Therapies -- Guidelines -- Societies and Guidelines -- Biomarkers -- Medullary Thyroid Cancer -- Adrenocortical Cancer -- Paraganglioma, feokromositoma -- Nonfonksiyone pNET -- Somatostatinoma -- Poorly differentiated NET -- Management of MEN -- Ppoma. 
520 |a This book is a timely textbook that covers all aspects of neuroendocrine tumors (NET) from epidemiology, pathological classification and evaluation, and molecular biology through to diagnostic imaging methods and therapeutic options, including the latest targeted therapies. The various types of NET are individually discussed, including carcinoid tumors, insulinomas, gastrinomas, glucagonomas, VIPomas, somatostatinomas, PPomas, medullary thyroid carcinomas, adrenocortical cancer, pheochromocytomas, paragangliomas, and non-functioning pancreatic NETs.  The contributing authors are internationally recognized experts who bring a wealth of experience to the subject. This book will be an invaluable source of information for practicing medical oncologists, surgeons, endocrinologists, gastroenterologists, and pathologists and also trainees.  . 
650 0 |a Medicine. 
650 0 |a Endocrinology. 
650 0 |a Gastroenterology. 
650 0 |a Oncology. 
650 0 |a Surgery. 
650 1 4 |a Medicine & Public Health. 
650 2 4 |a Oncology. 
650 2 4 |a Endocrinology. 
650 2 4 |a Surgery. 
650 2 4 |a Gastroenterology. 
700 1 |a Yalcin, Suayib.  |e editor. 
700 1 |a Öberg, Kjell.  |e editor. 
710 2 |a SpringerLink (Online service) 
773 0 |t Springer eBooks 
776 0 8 |i Printed edition:  |z 9783662452141 
856 4 0 |u http://dx.doi.org/10.1007/978-3-662-45215-8  |z Full Text via HEAL-Link 
912 |a ZDB-2-SME 
950 |a Medicine (Springer-11650)